000 00613nam a2200205Ia 4500
003 IN-BaIIA
008 211028s9999 xx 000 0 eng d
020 _a533-03761
040 _cIIA Library
080 _a523.4
_bTRO
100 _aTrott, M William
_911922
245 0 _aWhy there is no life on other planets
_cM William Trott
260 _aNew York
_bVantage Press
_c1979
300 _a156p.
650 _aAstronomy and Astrophysics thesaurus
650 _aExtraterrestrial life
_94250
650 _aOrigin of life
_93519
650 _aPlanets
_9971
942 _cBK
999 _c6960
_d6960